00472nam a22001697a 450000500170000001000150001702000260003203500140005803700130007208200110008510000130009624500440010926000380015327000510019130000210024250000390026320190103143044.0 aENG-124627 a9789380847382c495.00 aEN-108159 bDBAD/PUB a153.69 aKiran A. aHandbook of body language/cby A. Kiran c2017aNew DelhibAnurag Prakashan a23, Ansari Road, Daryaganj,bNew Delhie110002 c21cm(Hb)a200p.  aIt includes bibliography and index